Funadamentals of plant science

Bibliographic Details
Main Author: Coulter, J. G
Format: Book
Published: New Delhi : DPH , 2006
Subjects:

MARC

LEADER 00000cam a2200000 7i4500
001 0000035924
005 20130708.0
008 130528
020 |a 8171412130 
090 0 0 |a 580   |b COU 
100 1 |a Coulter, J. G 
245 1 0 |a Funadamentals of plant science   |c by John Gaylord Coulter 
260 |a New Delhi :   |b DPH ,   |c 2006 
650 0 |a Botany   |x Juvenile literature 
650 0 |a Plants   |x Juvenile literature 
999 |a 0001152325   |b Book   |c Adult Collection   |e Perbadanan Perpustakaan Awam Johor 
999 |a 0001152326   |b Book   |c Adult Collection   |e Perbadanan Perpustakaan Awam Johor 
999 |a 0001152328   |b Book   |c Adult Collection   |e Perbadanan Perpustakaan Awam Johor